000 00606nam a2200217Ia 4500
003 GCL
008 140319s9999 xx 000 0 ara d
040 _aGCL /
_cGCL
082 0 4 _a920.7
_bف ف
100 1 _aفتحى غانم
245 1 0 _aالفن فى حياتنا /
_cفتحى غانم
300 _a184 ص
490 _aالكتاب الذهبى
_v0
650 0 4 _aتوفيق الحكيم
650 0 4 _aالفنانون المصريون
650 0 4 _aالادباء المصريون
650 0 4 _aطه حسين
650 0 4 _aام كلثوم
650 0 4 _aيوسف وهبى
942 _2ddc
_cBK
999 _c46831
_d46831